000 00663nas a2200241 4500
001 BR9204920
003 BR-BrBNA
005 20231205092808.0
007 ta
008 230509b bl.|||p| |||| 00| 00por d
040 _aBR-BrBNA
_bpor
_cBiblioteca Nacional de Agricultura
041 _a(Pt)
072 _aF01
100 1 _aSilva, S.
245 1 _aCapineiras garantem forragem na seca
650 _aCAPINEIRA
650 _aFORRAGEM
650 _aPLANTIO
650 _aPRATICO
773 0 _tAgricultura e Pecuaria (Brazil)
_xISSN 0100-249X
_g(Jun 1966), v. 39(506) p. 24-25
_wBR9204920
909 _a202311
_bLúcia
_c55
_dLúcia Elande
942 _2AGRIS
_n0
_cANA
999 _c134246
_d134246